Los creadores de la nueva física : los físicos y la teoría cuántica /

Se incluyen artículos de Rutherford, Planck, Einstein, Bohr, Pauli, acerca del núcleo, radiactividad, ley de la entropía, teoría cuántica, física atómica, teoría de la relatividad.

Uloženo v:
Podrobná bibliografie
Hlavní autor: Lovett Cline, Barbara (autor)
Médium: Kniha
Jazyk:španělština
Vydáno: México : Fondo de Cultura Económica, 1973, c1973
Edice:(Breviarios ; 134)
Témata:
Tagy: Přidat tag
Žádné tagy, Buďte první, kdo vytvoří štítek k tomuto záznamu!

MARC

LEADER 00000nam^a2200000^a^4500
001 000000346
005 20250521000000.0
009 20260310083024.052
037 |a Acervo ITESO - Biblioteca 
041 |a ESP 
082 |a 082.  |b BRE V. 134 
100 |a Lovett Cline, Barbara  |e (autor) 
245 1 4 |a Los creadores de la nueva física :  |b los físicos y la teoría cuántica /  |c B. Lovett Cline ; tr. por Juan Almela. 
264 4 |a México :  |b Fondo de Cultura Económica,  |c 1973, c1973 
300 |a 339 p. 
336 |a texto  |b txt  |2 rdacontenido 
337 |a sin mediación  |b n  |2 rdamedio 
338 |a volumen  |b nc  |2 rdasoporte 
440 1 |a (Breviarios ;  |v 134) 
500 |a Traducción de: The Questioners. Physicist and the Quantum Theory 
520 |a Se incluyen artículos de Rutherford, Planck, Einstein, Bohr, Pauli, acerca del núcleo, radiactividad, ley de la entropía, teoría cuántica, física atómica, teoría de la relatividad. 
649 |a XX 
650 |a Físicos 
650 |a Mecánica Cuántica -  |x Tema Principal 
650 |a Física -  |x Historia -  |y Siglo XX 
650 |a Física -  |x Teoría 
910 |a Fondo General 
920 |a Impresos - Libros 
930 |a Colección General 
905 |a 101 
901 |a 0003460100  |b IT1  |c ACC  |i 000346  |u 20250521 
902 |a https://opac.biblio.iteso.mx/vufind/Record/000000346